| 000 | 00836nam a22001937a 4500 | ||
|---|---|---|---|
| 005 | 20250916104213.0 | ||
| 010 | _aB-775238-254 20BACCHEN25 | ||
| 020 |
_a9789359548463 _c450.00 |
||
| 035 | _aB-775238-254 | ||
| 037 | _bScholastic India Pvt. Ltd. | ||
| 082 | _a560 | ||
| 100 |
_aWood, Alix _985083 |
||
| 245 |
_aGet Hands-On Fossils/ _cby Alix Wood |
||
| 260 |
_bScholastic India Pvt. Ltd. _c2024 _aGurgaon |
||
| 270 |
_aA-27, Ground Floor, Sigma Centre Infocity-1, Sector 34, _bGurgaon _e122001 |
||
| 300 |
_a64p.: _c27cm(Pbk) _billus. |
||
| 942 |
_2ddc _cCH _h560 _mWOO |
||
| 999 |
_c209770 _d209770 |
||